000 00663nam a2200277Ia 4500
005 20260324144157.0
008 008 260324s9999 xx 000 0 eng d
020 _a9781003549161
037 _aEBOOK
040 _aCRL
040 _beng
040 _cCRL
041 _2eng
041 _aeng
084 _qCRL
100 _aCharles Babbage; Martin Campbell-Kelly
_91218342
245 4 _aThe Works of Charles Babbage Vol 1
260 _bTaylor and Francis
260 _c1989
365 _a
365 _b56.99
856 _uhttp://www.taylorfrancis.com/books/9781003549161
942 _cEBOOK
999 _c1824644
_d1824644